Bible Adjectives in French clickable 1 - Statistics

General Stats
  • This quiz has been taken 28 times
  • The average score is 23 of 31
Answer Stats
Hint Answer % Correct
Beaucoup A lot
100%
Difficile Difficult
100%
Vert Green
93%
Parfait Perfect
93%
Noir Black
87%
Bon (Bonne) Good
87%
Ouvert Open
87%
Rouge Red
87%
Imprudent Unwise
87%
Blanc White
87%
Facil Easy
80%
Fidèle Faithful
80%
Gros Fat
80%
Honnête Honest
80%
Maladif Sickly
80%
Petit Small
80%
Sage Wise
80%
Clair Clear
73%
Mauvais Evil
73%
Lourd Heavy
73%
Grand Tall
73%
Dur Tough
73%
Faible Weak
73%
Doux Soft
67%
Fort Strong
67%
Pointu Sharp
60%
Pue de A few
53%
Petit Short
53%
Maigre Skinny
47%
Bien Well
47%
Tacheté Spotted
33%
No matching quizzes found
Score Distribution
Percent of People with Each Score
Percentile by Number Answered
Your Score History
You have not taken this quiz